00415nam a22001457a 450000500170000000800410001702200130005804100230007108200120009410000230010624500310012926000530016030000300021365000260024320240723123747.0240723b |||||||| |||| 00| 0 eng d a00382396 aEnglish/Afrikaans  a349 SOU lEnglish/Afrikaans  aSouth African Law Reports  aCape Town: bJuta and Company (Pty) Ltd, c2017  bxli, 653 pages; c26 cm.  aLegal practice bLaw